[Event "Oberbayern Bezirksliga 1718"]
[Site "Germany"]
[Date "2018.02.25"]
[Round "7.7"]
[White "Schmidt, Bernd"]
[Black "Sommer, Michael"]
[Result "1/2-1/2"]
[WhiteElo "1768"]
[BlackElo "1654"]
[PlyCount "45"]
[EventDate "2017.10.22"]
[EventType "team-tourn"]
[EventRounds "9"]
[EventCountry "GER"]
[SourceTitle "EXT 2019"]
[Source "ChessBase"]
[SourceDate "2018.10.10"]
[SourceVersion "1"]
[SourceVersionDate "2018.10.10"]
[SourceQuality "1"]
[WhiteTeam "Neuburg"]
[BlackTeam "Fuerstenfeldbruck"]
[WhiteTeamCountry "GER"]
[BlackTeamCountry "GER"]

1. d4 Nf6 2. Nf3 e6 3. c4 d5 4. Nc3 Bb4 5. Bd2 0-0 6. e3 c5 7. a3 cxd4 8. exd4 Bd6 9. c5 Bc7 10. Bd3 Nc6 11. 0-0 e5 12. dxe5 Nxe5 13. Nxe5 Bxe5 14. g3 Bd7 15. Qb3 Bc6 16. Rfe1 Bc7 17. Ne2 Ne4 18. Bxe4 dxe4 19. Be3 Qf6 20. Qc2 Rfd8 21. Rad1 Be5 22. b3 Qe7 23. Nd4 1/2-1/2

[Event "Landesliga U20 Sued 1516"]
[Site "Bayern"]
[Date "2015.12.19"]
[Round "3.3"]
[White "Kundmann, Eva"]
[Black "Sommer, Michael"]
[Result "0-1"]
[WhiteElo "930"]
[BlackElo "1641"]
[PlyCount "58"]
[EventDate "2015.11.21"]
[EventType "team-tourn"]
[EventRounds "7"]
[EventCountry "GER"]
[SourceTitle "EXT 2022"]
[Source "ChessBase"]
[SourceDate "2021.10.06"]
[SourceVersion "1"]
[SourceVersionDate "2021.10.06"]
[SourceQuality "1"]
[WhiteTeam "Forstenried U20"]
[BlackTeam "Fuerstenfeldbruck TuS U20"]
[WhiteTeamCountry "GER"]
[BlackTeamCountry "GER"]

1. e4 c5 2. Bc4 Nc6 3. Qh5 e6 4. Nf3 Nf6 5. Qg4 Nxg4 6. d3 d5 7. Bb3 Be7 8. Nc3 d4 9. h3 Nf6 10. Ne2 0-0 11. 0-0 e5 12. Ng3 b5 13. Bg5 a5 14. Bd5 Nxd5 15. exd5 Qxd5 16. Rfe1 Bxg5 17. Nxg5 c4 18. Re4 cxd3 19. cxd3 Nb4 20. Rd1 Bb7 21. a3 f5 22. axb4 fxe4 23. dxe4 Qb3 24. Rd2 Qxb4 25. Re2 d3 26. Re3 Qd4 27. Nf3 Qd6 28. Nf5 Rxf5 29. exf5 Bxf3 0-1

[Event "NOR-ch Noth A"]
[Site "Alta"]
[Date "2011.05.15"]
[Round "4"]
[White "Bjorn, Lasse E"]
[Black "Sommer, Michael"]
[Result "0-1"]
[WhiteElo "1465"]
[BlackElo "1768"]
[PlyCount "126"]
[EventDate "2011.05.13"]
[EventType "swiss"]
[EventRounds "5"]
[EventCountry "NOR"]
[SourceTitle "EXT 2024"]
[Source "ChessBase"]
[SourceDate "2023.10.10"]
[SourceVersion "1"]
[SourceVersionDate "2023.10.10"]
[SourceQuality "1"]

1. e4 c5 2. Nf3 Nc6 3. d4 cxd4 4. Nxd4 Nf6 5. Nc3 a6 6. Be3 d6 7. Qd2 e6 8. f3 Be7 9. 0-0-0 Qc7 10. g4 Ne5 11. h4 Nc4 12. Bxc4 Qxc4 13. h5 b5 14. Kb1 Bb7 15. g5 Nd7 16. g6 Rc8 17. gxf7+ Kxf7 18. Rhg1 Nf6 19. h6 g6 20. Bg5 Rcd8 21. Rde1 e5 22. Nb3 b4 23. Nd1 Qb5 24. Ne3 a5 25. Nc1 Rd7 26. Ng4 Nxg4 27. fxg4 Rf8 28. Nd3 Ke6 29. Qe3 Bxg5 30. Qxg5 Rdf7 31. Qe3 Qc4 32. Qe2 Qc6 33. g5 Ba6 34. Ref1 Rxf1+ 35. Rxf1 Bxd3 36. cxd3 Rc8 37. Qf2 Kd7 38. Qf7+ Kd8 39. Qb3 Qd7 40. Rf8+ Kc7 41. Qc4+ Kb7 42. Qxc8+ Qxc8 43. Rxc8 Kxc8 44. Kc2 Kb7 45. Kb3 Kb6 46. Kc4 Kc6 47. b3 d5+ 48. exd5+ Kd6 49. Kb5 Kxd5 50. Kxa5 Kd4 51. Kxb4 Kxd3 52. a4 e4 53. a5 e3 54. a6 e2 55. a7 e1Q+ 56. Kb5 Qe8+ 57. Ka6 Qc8+ 58. Kb6 Kd4 59. b4 Kd5 60. b5 Kd6 61. Ka5 Kc5 62. b6 Qb7 63. Ka4 Kxb6 0-1

[Event "Odysseus Spring B"]
[Site "Soborg"]
[Date "2001.05.??"]
[Round "1"]
[White "Mikkelsen, Nikolaj"]
[Black "Sommer, Michael"]
[Result "1-0"]
[WhiteElo "1777"]
[BlackElo "1700"]
[PlyCount "121"]
[EventDate "2001.05.10"]
[EventType "tourn"]
[EventRounds "5"]
[EventCountry "DEN"]
[SourceTitle "EXT 2023"]
[Source "ChessBase"]
[SourceDate "2022.10.05"]
[SourceVersion "1"]
[SourceVersionDate "2022.10.05"]
[SourceQuality "1"]

1. e4 c5 2. f4 Nc6 3. Nf3 e6 4. Nc3 Nge7 5. d3 d5 6. e5 Nf5 7. g4 Nfd4 8. h4 Nxf3+ 9. Qxf3 Nd4 10. Qf2 Bd7 11. Be3 Qb6 12. 0-0-0 0-0-0 13. Kb1 Bc6 14. Rg1 g6 15. Bh3 h5 16. Bxd4 cxd4 17. Ne2 Bc5 18. gxh5 Rxh5 19. Bg4 Rh7 20. Rh1 Rdh8 21. Rh2 Be7 22. Rdh1 a5 23. c3 Ba3 24. Nxd4 Bc5 25. h5 Bxd4 26. Qxd4 Qxd4 27. cxd4 gxh5 28. Rxh5 Rxh5 29. Rxh5 Rxh5 30. Bxh5 Be8 31. Kc2 Kd8 32. Kd2 Ke7 33. Ke3 Kf8 34. f5 Bd7 35. Kf4 Kg7 36. Kg5 Bb5 37. Bg4 Bd7 38. a3 Bc8 39. f6+ Kh8 40. Bh5 Kg8 41. b4 b6 42. Bd1 Ba6 43. Kf4 Bb5 44. Ke3 a4 45. Kd2 Kf8 46. Ke3 Ke8 47. Kf4 Kf8 48. Kg5 Bxd3 49. Bxa4 b5 50. Bd1 Bc4 51. a4 bxa4 52. Bxa4 Ba6 53. Bc6 Bc8 54. b5 Kg8 55. b6 Kh8 56. b7 Bxb7 57. Bxb7 Kg8 58. Kh6 Kh8 59. Bxd5 exd5 60. e6 fxe6 61. f7 1-0